| 000 | 01466nam a2200373 a 4500 | ||
|---|---|---|---|
| 001 | 000276 | ||
| 003 | DO-SdBNP | ||
| 005 | 20180309132633.0 | ||
| 007 | 0000276 | ||
| 008 | 150130s2008 dr abc 000 0 spa d | ||
| 020 | _a9789945112818 | ||
| 040 |
_aBPMSU _bspa _cBPMSU |
||
| 092 |
_a372.634 _bI37c, 1ro. 2008 |
||
| 100 | 1 | _aIncháustegui, María Isabel | |
| 245 | 1 | 0 |
_aCaligrafía 1 : _b[educación básica] / _cMaría Isabel Incháustegui ; ilustración Ruddy Nuñez, José Amado Polanco. |
| 260 |
_aSanto Domingo : _bSantillana _c2008 |
||
| 300 |
_a 80 p. : _bil. ; _c28 cm. |
||
| 490 | 1 | _aCoral | |
| 505 | 1 |
_tLa abeja y el oso -- _tPapo y Amelia -- _tSale el sol -- _tEl nido de la paloma -- _tCaen las hojas -- _tEl gato goloso -- _tTengo un burro -- _tZapatero a tu zapato -- _tHago gimnasia -- _tEl payaso divertido -- _tEl canto de la cigüeña -- _tPancho y Pancha planchan -- _tEl dragón dormido -- |
|
| 650 |
_aCALIGRAFÍA _xENSEÑANZA CORRECTIVA |
||
| 650 |
_aCALIGRAFÍA _xENSEÑANZA BÁSICA |
||
| 650 |
_aCALIGRAFÍA _xEDUCACIÓN PRIMARIA |
||
| 650 |
_aCALIGRAFÍA _xLIBROS DE TEXTO |
||
| 650 |
_aEDUCACIÓN PRIMARIA _zREPÚBLICA DOMINICANA |
||
| 650 |
_aCALIGRAFÍA _xESTUDIOS Y EJERCICIOS |
||
| 700 | 1 | 2 |
_aNúñez, Ruddy _eil. |
| 700 | 1 |
_aPolanco, José Amado _eil. |
|
| 700 | 1 |
_aSandoval, Ramón _eil. |
|
| 830 | 0 | _aCoral | |
| 910 | _a00144 | ||
| 942 |
_2ddc _cBK |
||
| 945 | _aRemanejado para la Bib. BNPHU, 2018/ YL | ||
| 956 |
_aYLOCKWARD _b10 |
||
| 999 |
_c7941 _d7941 |
||